[Event "Wch U20 Girls 29th"]
[Site "Chennai"]
[Date "2011.08.07"]
[Round "6"]
[White "Sahari, J."]
[Black "Heredia Serrano, Carla Sofia"]
[Result "1-0"]
[WhiteElo "1911"]
[BlackElo "2072"]
[PlyCount "110"]
[EventDate "2011.08.02"]
[EventType "swiss"]
[EventRounds "13"]
[EventCountry "IND"]
[SourceTitle "CBM 143 Extra"]
[Source "ChessBase"]
[SourceDate "2011.08.29"]
[SourceVersion "1"]
[SourceVersionDate "2011.08.29"]
[SourceQuality "1"]

1. e4 c6 2. d4 d5 3. Nc3 dxe4 4. Nxe4 Bf5 5. Ng3 Bg6 6. h4 h6 7. h5 Bh7 8. Nf3 Nd7 9. Bd3 Bxd3 10. Qxd3 e6 11. Bd2 Ngf6 12. 0-0-0 Be7 13. Qe2 0-0 14. Nf1 Nb6 15. g4 Qd5 16. Kb1 Nxg4 17. Rg1 Nc4 18. Bc1 f5 19. b3 Nd6 20. Ne3 Nxe3 21. Bxe3 Ne4 22. Qe1 Kh7 23. Ne5 a5 24. f3 Ng5 25. Bxg5 Bxg5 26. f4 Bxf4 27. Ng6 Bd6 28. Nxf8+ Rxf8 29. Rg6 Re8 30. Qg1 Re7 31. Rxh6+ Kg8 32. Rg6 Kf8 33. h6 Qf3 34. Rxg7 Rxg7 35. Qxg7+ Ke8 36. Rd3 Qf1+ 37. Kb2 Bf4 38. Qxb7 Bxh6 39. Qxc6+ Kf7 40. Qd7+ Kf6 41. Qd8+ Kf7 42. Qc7+ Kf6 43. Qe5+ Kf7 44. a4 Bf4 45. Qc5 Qc1+ 46. Ka2 Bd6 47. Qc3 f4 48. Qd2 Qxd2 49. Rxd2 Kf6 50. c4 Bb4 51. Re2 Kf5 52. Re5+ Kf6 53. Kb2 Bd6 54. Re2 Kf5 55. Rc2 f3 1-0

[Event "Wch U20 Girls 29th"]
[Site "Chennai"]
[Date "2011.08.05"]
[Round "4"]
[White "Sahari, J."]
[Black "Tejaswini, Sagar"]
[Result "1-0"]
[WhiteElo "1911"]
[BlackElo "1690"]
[PlyCount "133"]
[EventDate "2011.08.02"]
[EventType "swiss"]
[EventRounds "13"]
[EventCountry "IND"]
[SourceTitle "CBM 143 Extra"]
[Source "ChessBase"]
[SourceDate "2011.08.29"]
[SourceVersion "1"]
[SourceVersionDate "2011.08.29"]
[SourceQuality "1"]

1. e4 e5 2. Nf3 Nc6 3. Bb5 Bc5 4. c3 Nf6 5. 0-0 0-0 6. d4 Bb6 7. Re1 d6 8. a4 a6 9. Bxc6 bxc6 10. h3 h6 11. dxe5 dxe5 12. Qe2 Qe7 13. Nbd2 Kh7 14. Nc4 Nd7 15. Be3 f6 16. Nh4 Nc5 17. b4 Nd7 18. Nf5 Qf7 19. Red1 Bxe3 20. Ncxe3 g6 21. Ng3 Re8 22. Qa2 Qxa2 23. Rxa2 Nf8 24. f3 Be6 25. Raa1 Rad8 26. Rxd8 Rxd8 27. Rd1 Rxd1+ 28. Nxd1 Bb3 29. Nb2 Nd7 30. Nf1 c5 31. Nd2 Be6 32. b5 axb5 33. axb5 Nb6 34. Kf2 Kg7 35. Ke3 c4 36. h4 Kf7 37. f4 exf4+ 38. Kxf4 Ke7 39. Ke3 g5 40. g3 gxh4 41. gxh4 c5 42. bxc6 Kd6 43. Kd4 Kxc6 44. Ndxc4 Nd7 45. Nd3 Nf8 46. Nf4 Bf7 47. Ne3 Nd7 48. Nd3 Nf8 49. Nf5 h5 50. Nb4+ Kd7 51. Nd5 Ke6 52. Ng7+ Kd6 53. Nxf6 Ne6+ 54. Nxe6 Kxe6 55. Nd5 Kd6 56. Nf4 Kc6 57. Nd3 Kd6 58. c4 Be8 59. c5+ Ke6 60. Nf4+ Kf6 61. Kd5 Ke7 62. c6 Kd8 63. Kd6 Kc8 64. c7 Kb7 65. Nd5 Kc8 66. Ne7+ Kb7 67. c8Q+ 1-0

[Event "Wch U20 Girls 29th"]
[Site "Chennai"]
[Date "2011.08.03"]
[Round "2"]
[White "Sahari, J."]
[Black "Semenova, Elena"]
[Result "0-1"]
[WhiteElo "1911"]
[BlackElo "2175"]
[PlyCount "84"]
[EventDate "2011.08.02"]
[EventType "swiss"]
[EventRounds "13"]
[EventCountry "IND"]
[SourceTitle "CBM 143 Extra"]
[Source "ChessBase"]
[SourceDate "2011.08.29"]
[SourceVersion "1"]
[SourceVersionDate "2011.08.29"]
[SourceQuality "1"]

1. e4 e5 2. Nf3 Nc6 3. Bb5 a6 4. Ba4 Nge7 5. 0-0 g6 6. d4 exd4 7. Nxd4 Bg7 8. Nxc6 Nxc6 9. c3 0-0 10. Be3 d6 11. Bxc6 bxc6 12. Bd4 c5 13. Bxg7 Kxg7 14. Nd2 Rb8 15. b3 Bb7 16. Re1 Re8 17. f3 Qf6 18. c4 Qd4+ 19. Kh1 f5 20. Rc1 fxe4 21. Nxe4 Bxe4 22. Qxd4+ cxd4 23. fxe4 Re5 24. Rcd1 c5 25. Rd2 Rbe8 26. Rde2 a5 27. g3 a4 28. Kg2 Rb8 29. Rb1 Kf6 30. Kf3 Ke6 31. Ree1 Kf6 32. Re2 Re7 33. Reb2 a3 34. Re2 Ke5 35. Rbe1 Rf8+ 36. Kg2 Ref7 37. Rd2 Rf3 38. Red1 Rc3 39. Re2 Rff3 40. Rf1 Rxf1 41. Kxf1 Rc1+ 42. Kg2 Rb1 0-1

[Event "IND-ch U15"]
[Site "Mumbai"]
[Date "2009.11.05"]
[Round "6"]
[White "Sahari, J."]
[Black "Soumya, Shrivastava"]
[Result "1-0"]
[WhiteElo "1909"]
[BlackElo "1765"]
[PlyCount "79"]
[EventDate "2009.11.01"]
[EventType "swiss"]
[EventRounds "11"]
[EventCountry "IND"]
[SourceTitle "EXT 2011"]
[Source "ChessBase"]
[SourceDate "2010.11.26"]
[SourceVersion "1"]
[SourceVersionDate "2010.11.26"]
[SourceQuality "1"]

1. e4 c6 2. d4 d5 3. Nc3 dxe4 4. Nxe4 Bf5 5. Ng3 Bg6 6. h4 h6 7. Nf3 Nd7 8. h5 Bh7 9. Bd3 Bxd3 10. Qxd3 Qc7 11. Bd2 e6 12. 0-0-0 Ngf6 13. Ne4 0-0-0 14. Nxf6 Nxf6 15. Qe2 Bd6 16. Rh4 Rhe8 17. Ne5 c5 18. Nc4 cxd4 19. Rxd4 Bc5 20. Bf4 Qc6 21. Ne5 Qb6 22. Rc4 Nd5 23. Bg3 Rd6 24. Nxf7 Rc6 25. Ne5 Rc7 26. Nd3 Be3+ 27. fxe3 Rxc4 28. Bf2 Nb4 29. Nxb4 Rxb4 30. c3 Ra4 31. a3 Qc6 32. Bg3 e5 33. Qd3 Ra5 34. Bh4 e4 35. Qd4 Rxh5 36. Bg3 Rg5 37. Bf4 Ra5 38. Qxg7 h5 39. Rd6 Qb5 40. Rd8+ 1-0

[Event "IND Challenger (Women)"]
[Site "Nagpur"]
[Date "2009.09.10"]
[Round "5"]
[White "Sahari, J."]
[Black "Swati, Mohota"]
[Result "0-1"]
[WhiteElo "1920"]
[BlackElo "2074"]
[PlyCount "70"]
[EventDate "2009.09.07"]
[EventType "swiss"]
[EventRounds "11"]
[EventCountry "IND"]
[SourceTitle "CBM 132 Extra"]
[Source "ChessBase"]
[SourceDate "2009.11.03"]
[SourceVersion "1"]
[SourceVersionDate "2009.11.03"]
[SourceQuality "1"]

1. e4 c6 2. d4 d5 3. Nc3 dxe4 4. Nxe4 Nd7 5. Bc4 Ngf6 6. Ng5 e6 7. Qe2 Nb6 8. Bd3 h6 9. N5f3 c5 10. dxc5 Bxc5 11. Bd2 Qe7 12. h3 a6 13. 0-0-0 Na4 14. Kb1 Ba3 15. b3 Nb2 16. Re1 Nxd3 17. Qxd3 0-0 18. Ne5 Rd8 19. Qe2 Nd5 20. Nd3 b5 21. Nf3 Bb7 22. Nfe5 Rac8 23. c4 Nb4 24. Nxb4 Bxb4 25. Bxb4 Qxb4 26. Rd1 Bxg2 27. Rhg1 Rxd1+ 28. Qxd1 Be4+ 29. Kb2 bxc4 30. Qg4 Qd2+ 31. Ka3 Qa5+ 32. Kb2 Qxe5+ 33. Ka3 c3 34. b4 c2 35. Rc1 Rc3+ 0-1

[Event "IND Challenger (Women)"]
[Site "Nagpur"]
[Date "2009.09.09"]
[Round "3"]
[White "Sahari, J."]
[Black "Saranya, J."]
[Result "0-1"]
[WhiteElo "1920"]
[BlackElo "2132"]
[PlyCount "112"]
[EventDate "2009.09.07"]
[EventType "swiss"]
[EventRounds "11"]
[EventCountry "IND"]
[SourceTitle "CBM 132 Extra"]
[Source "ChessBase"]
[SourceDate "2009.11.03"]
[SourceVersion "1"]
[SourceVersionDate "2009.11.03"]
[SourceQuality "1"]

1. e4 c5 2. Nf3 d6 3. d4 cxd4 4. Nxd4 Nf6 5. Nc3 a6 6. Bg5 e6 7. f4 Be7 8. Qf3 Qc7 9. 0-0-0 Nbd7 10. g4 b5 11. Bxf6 Nxf6 12. g5 Nd7 13. f5 Ne5 14. Qg3 Nc6 15. Nce2 Nb4 16. a3 Nc6 17. h4 Nxd4 18. Nxd4 e5 19. Ne2 Bb7 20. Nc3 Rc8 21. Qd3 Qc5 22. Bh3 Rc7 23. Rd2 h6 24. Qg3 hxg5 25. hxg5 f6 26. gxf6 Bxf6 27. Bg2 Rxh1+ 28. Bxh1 Ke7 29. Kb1 Rc8 30. Qf2 Rh8 31. Bf3 Bg5 32. Re2 Qxf2 33. Rxf2 Rh4 34. Re2 Rh3 35. Bg2 Rg3 36. Ka2 Bc6 37. Bf1 a5 38. Rg2 Rxg2 39. Bxg2 Bd2 40. Kb3 Kf6 41. a4 Bxc3 42. axb5 Bxb5 43. Kxc3 Kg5 44. Kd2 Kf4 45. b3 Kg3 46. Bh1 Kf2 47. c4 Be8 48. Kc3 Ke3 49. c5 dxc5 50. Kc4 Bc6 51. Bg2 Bxe4 52. Bh3 Bc2 53. Kxc5 Bxb3 54. Kb5 a4 55. Kb4 e4 56. Bg4 Kd2 0-1

[Event "IND-chB (Women) 34th"]
[Site "Hyderabad"]
[Date "2007.05.21"]
[Round "?"]
[White "Sahari, J."]
[Black "Shruthi, K."]
[Result "1/2-1/2"]
[WhiteElo "1817"]
[BlackElo "1953"]
[PlyCount "38"]
[EventDate "2007.05.21"]
[EventType "swiss"]
[EventRounds "11"]
[EventCountry "IND"]
[SourceTitle "EXT 2010"]
[Source "ChessBase"]
[SourceDate "2010.11.25"]
[SourceVersion "1"]
[SourceVersionDate "2010.11.25"]
[SourceQuality "1"]

1. e4 e6 2. d4 d5 3. Nd2 c5 4. exd5 Qxd5 5. Ngf3 cxd4 6. Bc4 Qd8 7. 0-0 Nf6 8. Nb3 Be7 9. Nbxd4 a6 10. a4 Qc7 11. Qe2 0-0 12. Ne5 Nc6 13. Ndxc6 bxc6 14. Bf4 Bd6 15. Bg3 Nd5 16. Bd3 Nb4 17. Bc4 Nd5 18. Bd3 Nb4 19. Bc4 Nd5 1/2-1/2